000 00648nam a2200277Ia 4500
005 20260324135310.0
008 008 260324s9999 xx 000 0 eng d
020 _a9780429080050
037 _aEBOOK
040 _aCRL
040 _beng
040 _cCRL
041 _2eng
041 _aeng
084 _qCRL
100 _aDonald L. Wise
_91199910
245 0 _aRemediation Engineering of Contaminated Soils
260 _bTaylor and Francis
260 _c2000
365 _a
365 _b880
856 _uhttp://www.taylorfrancis.com/books/9780429080050
942 _cEBOOK
999 _c1800996
_d1800996